Movies Quiz

Random Movies or Puzzle Quiz

16 Little Star Wars Pictograms Quiz Stats

 Plays Quiz Updated May 16, 2019

Score 0/16 Timer 05:00
3 Plays Today
Hint Answer % Correct
Death Star
96.1%
R2-D2
94.4%
Ewok
90.8%
Skywalker
90.7%
Jar Jar
84%
Finn
78.8%
Tie Fighter
78.1%
Wookiee
73.3%
Hint Answer % Correct
Mace Windu
68.3%
Anakin
64.6%
Carbonite
59.7%
Endor
55.4%
BB-8
49.9%
Millennium Falcon
49.4%
Nute Gunray
34.1%
Bib Fortuna
26.9%

You're not logged in!

Compare scores with friends on all Sporcle quizzes.
OR
Log In

Show Comments

Extras

Top Quizzes Today


Score Distribution

Your Account Isn't Verified!

In order to create a playlist on Sporcle, you need to verify the email address you used during registration. Go to your Sporcle Settings to finish the process.

Report this User

Report this user for behavior that violates our Community Guidelines.

Details: